000
00285nam a2200109Ia 4500
008
200302s9999 xx 000 0 und d
100
_a
Toby Banard (Edi)
245
_a
Lord Burlington Architecture Art And Life
260
_b
The Hambledon Press, London
260
_c
1995
300
_a
328 P
999
_c
4752
_d
4752